Les probabilités et la statistique au lycée: pour un enseignement et une formation sans alea...
Guardat en:
| Autor principal: | |
|---|---|
| Format: | Llibre |
| Idioma: | francès |
| Publicat: |
Besanzón
Presses Universitaires de Franche-Comté
2017
|
| Edició: | 1a. ed |
| Col·lecció: | Didactiques Mathématiques
|
| Matèries: | |
| Etiquetes: |
Afegir etiqueta
Sense etiquetes, Sigues el primer a etiquetar aquest registre!
|
MARC
| LEADER | 00000cam a2200000 a 4500 | ||
|---|---|---|---|
| 001 | UCC7171 | ||
| 003 | CL-VaPUC | ||
| 008 | 190308e20170000fr |||||||||||||||||fre|d | ||
| 020 | |a 9782848676012 | ||
| 082 | 0 | 4 | |a 519.5 |b VIV |2 21 |
| 100 | 0 | |a Vivier, Laurent |e author |9 601658 | |
| 245 | 1 | 4 | |a Les probabilités et la statistique au lycée: pour un enseignement et une formation sans alea... |
| 246 | 1 | 0 | |a ou presque |
| 250 | |a 1a. ed | ||
| 300 | |a 227 p | ||
| 942 | |c BK | ||
| 945 | |d 20190308 12:54:00 |a dcastane | ||
| 260 | |a Besanzón |b Presses Universitaires de Franche-Comté |c 2017 | ||
| 650 | 0 | |a Estadística |9 259535 | |
| 650 | 0 | |a Análisis de datos |9 269871 | |
| 650 | 7 | |a MANEJO DE DATOS |2 CL-VaPUC |9 338207 | |
| 583 | |a last modification |c 20190308 12:54:00 |k Rodrigo Vera | ||
| 490 | 0 | |a Didactiques Mathématiques | |
| 999 | |c 373882 |d 373880 | ||
| 952 | |0 0 |1 0 |3 erb |4 0 |6 519_500000000000000_VIV_2017 |7 0 |8 A |9 492155 |a BIBMAT |b BIBMAT |i 5534852 |o 519.5 VIV 2017 |p 5534852 |r 2025-01-07 |w 2019-11-24 |y BK |z Catalogado en:20190308 |k MAT | ||